Historia de Chile
Gespeichert in:
| Hauptverfasser: | , , , |
|---|---|
| Format: | Buch |
| Sprache: | Spanisch |
| Veröffentlicht: |
Santiago
Universitaria
2001
|
| Schriftenreihe: | Colección Imagen de Chile
|
| Schlagworte: | |
| Tags: |
Tag hinzufügen
Keine Tags, Fügen Sie den ersten Tag hinzu!
|
MARC
| LEADER | 00000nam a2200000 a 4500 | ||
|---|---|---|---|
| 001 | UCM4099 | ||
| 003 | CL-VaPUC | ||
| 008 | 020726e20010000CL |||||||||||||||||spa|d | ||
| 020 | |a 9561101696 | ||
| 082 | 0 | 4 | |a 983 |b VIL |2 21 |
| 100 | 0 | |a Villalobos Rivera, Sergio |e author |9 470660 | |
| 700 | 0 | |a Silva Vargas, Fernando |e author |9 470661 | |
| 700 | 0 | |a Silva Galdames, Osvaldo |e author |9 470662 | |
| 700 | 0 | |a Estellé M., Patricio |e author |9 470663 | |
| 245 | 1 | 0 | |a Historia de Chile |
| 300 | |a 869 p | ||
| 942 | |c BK | ||
| 945 | |d 20020726 00:00:00 |a cmena | ||
| 260 | |a Santiago |b Universitaria |c 2001 | ||
| 650 | 0 | |a Historia de Chile |9 265473 | |
| 651 | 7 | |a CHILE |2 CL-VaPUC |9 470664 | |
| 583 | |a last modification |c 20020726 00:00:00 |k Rodrigo Vera | ||
| 490 | 0 | |a Colección Imagen de Chile | |
| 999 | |c 301003 |d 301001 | ||
| 952 | |0 0 |1 0 |4 0 |6 983_000000000000000_VIL_2001 |7 0 |8 A |9 359512 |a BIBEDU |b BIBEDU |d 2019-11-21 |i 3833208 |l 1 |o 983 VIL 2001 |p 3833208 |r 2025-03-24 |s 2025-03-13 |w 2019-11-21 |y BK |k EPE | ||
| 952 | |0 0 |1 0 |4 0 |6 983_000000000000000_VIL_2001 |7 0 |8 F |9 359513 |a BIBTEO |b BIBTEO |d 2019-11-21 |i 4180275 |o 983 VIL 2001 |p 4180275 |r 2025-01-17 |w 2019-11-21 |y BK_F |k ICR | ||